01189nam a2200217 a 450000100100000000500170001000800410002704000250006808200160009311000610010924501170017026001060028730000200039370000400041304900090045395201290046295201290059195201140072095201200083499900170095400002893020240229073823.0110411s2007 dr 000 0 spa d aDO-SdBNPbspacBNPHU axxxxbR426r1 aRepública Dominicana.bSuprema Corte de Justicia9790610aResoluciones de interés general de la Suprema Corte de Justicia 2006 /cpresentación de Jorge A. Subero Isa. aSanto Domingo :bCentro de Documentación e Información Judicial Domicano,c2007fEditora Corripio a88 p. ;c22 cm.1 aSubero Isa, Jorge A.,d1947-976863 aBNPD 001054708DSaGRbGRcCTd2011-04-12iLF1l0oxxxx R426rp28930-30r2020-06-25te. 3w2020-06-25yLFDSZPréstamo en sala 001054708DSaGRbGRcCTd2013-04-25iLF1l0oxxxx R426rp28930-40r2020-06-25te. 4w2020-06-25yLFDSZPréstamo en sala 0010718PDaPDbPDcHDd2011-04-12iLF1l0oxxxx R426rp28930-10r2020-06-25w2020-06-25yLFPDZNo se presta 0010718PDaPDbPDcCTd2011-04-12iLF1l0oxxxx R426rp28930-20r2020-06-25te. 2w2020-06-25yLFPDZNo se presta c28422d28422